书目信息 |
| 题名: |
湘军兵志
|
|
| 作者: | 罗尔纲 著 | |
| 分册: | ||
| 出版信息: | 北京 中华书局 1984 |
|
| 页数: | 230页 | |
| 开本: | 21cm | |
| 丛书名: | ||
| 单 册: | ||
| 中图分类: | E295 , E296.7 | |
| 科图分类: | ||
| 主题词: | 湘军-军事制度 , 军事制度-湘军 , 军事史--中国 , 战争史--中国 | |
| 电子资源: | ||
| ISBN: | ||
| 000 | 00719nam0 2200289 45 | |
| 001 | 0184013674 | |
| 005 | 20040422104942.0 | |
| 010 | @dCNY0.85 | |
| 091 | @a11018.1037 | |
| 100 | @a19950522d1984 em y0chiy0121 ea | |
| 101 | 0 | @achi |
| 102 | @aCN@b110000 | |
| 105 | @ay z 000yy | |
| 106 | @ar | |
| 200 | 10 | @a湘军兵志@Axiang jun bing zhi@f罗尔纲著 |
| 210 | @a北京@c中华书局@d1984 | |
| 215 | @a230页@d21cm | |
| 606 | @a湘军-军事制度 | |
| 606 | @a军事制度-湘军 | |
| 606 | 0 | @a军事史@x中国 |
| 606 | 0 | @a战争史@x中国 |
| 690 | @aE295@v3 | |
| 690 | @aE296.7 | |
| 701 | 0 | @a罗尔纲@Aluo er gang@4著 |
| 801 | 0 | @aCN@b上海图书馆@c20040422 |
| 801 | 2 | @aCN@bNLC@c20040422 |
| 905 | @f2@b121446-447@dE296.7@e10 | |
| 湘军兵志/罗尔纲著.-北京:中华书局,1984 |
| 230页;21cm |
| ISBN :CNY0.85 |
| ● |
| 相关链接 |
|
|
|
|
正题名:湘军兵志
索取号:E296.7/10
 
预约/预借
| 序号 | 登录号 | 条形码 | 馆藏地/架位号 | 状态 | 备注 |
| 1 | 0121446 | 001260682 | 第一借阅区/ [索取号:E296.7/10] | 在馆 | |
| 2 | 0121447 | 001260673 | 第一借阅区/ [索取号:E296.7/10] | 在馆 | |
| 3 | 0121448 | 001260664 | 第一样本阅览室/ [索取号:E296.7/10] | 在馆 |